000 00702nam a22001577a 4500
003 OSt
005 20150920164835.0
008 150920b xxu||||| |||| 00| 0 eng d
040 _cRUA
082 _aAGR OM 2006 BO33 Or.1
100 _9963
_aMO, DOPHEAK
245 _aEFFECT OF CHEMICAL AND ORGANIC FERTILIZER ON CHINESE KALE AT ROYAL UNIVERSITY OF AGRICULTURE(ឥទ្្ធិពលជីសរីរាង្គ និងជីគីំីទៅលើដំណាំខាត់ណាដើមនៅក្នុងសាលសាកលវិទ្យាល័យភូមិន្ធកសិកម្ម).
260 _aPHNOM PHEN
_bRUA
_c29CM
300 _aXII,45P.
_bILL.
_c29CM.
942 _2ddc
_cAGR
999 _c927
_d927